Southville International School and Colleges
Your cart is empty.
  • Cart
  • Lists
    Public lists Eva Luna New books Lux_list list_1
    Your lists Log in to create your own lists
  • Log in to your account
  • Your cookies
  • Search history
Southville International School and Colleges
  • Advanced search
  • Recent comments
  • Most popular
  • Libraries

Log in to your account

Log in with GOOGLE


If you do not have an external account, but do have a local account, you can still log in:

  1. Home
  2. MARC view: As I see it
Normal view MARC view ISBD view

As I see it (Record no. 17606)

[ view plain ]
MARC details
000 -LEADER
fixed length control field 00562nam a22002057a 4500
003 - CONTROL NUMBER IDENTIFIER
control field dela salle
005 - DATE AND TIME OF LATEST TRANSACTION
control field 20140310182935.0
008 - FIXED-LENGTH DATA ELEMENTS--GENERAL INFORMATION
fixed length control field 130201t xxu||||| |||| 00| 0 eng d
020 ## - INTERNATIONAL STANDARD BOOK NUMBER
International Standard Book Number 0646453815
050 ## - LIBRARY OF CONGRESS CALL NUMBER
Classification number DS655
Item number .C355 2006
082 ## - DEWEY DECIMAL CLASSIFICATION NUMBER
Classification number FIL959.9
Item number C355 2006
245 ## - TITLE STATEMENT
Title As I see it
Remainder of title Filipinos and the Philippines
Statement of responsibility, etc Pura Santillan-Castrense
260 ## - PUBLICATION, DISTRIBUTION, ETC. (IMPRINT)
Place of publication, distribution, etc Sydney
Name of publisher, distributor, etc Manila Prints
Date of publication, distribution, etc 2006
300 ## - PHYSICAL DESCRIPTION
Extent xiv, 186 p. : ill.
Dimensions 22 cm.
521 ## - TARGET AUDIENCE NOTE
Target audience note
526 ## - STUDY PROGRAM INFORMATION NOTE
Reading level 1210L-1700L
562 ## - COPY AND VERSION IDENTIFICATION NOTE
Number of copies 1
942 ## - ADDED ENTRY ELEMENTS (KOHA)
Source of classification or shelving scheme Library of Congress Classification
Koha item type Books
Call number prefix Filipininana
Holdings
Withdrawn status Lost status Source of classification or shelving scheme Damaged status Home library Current library Shelving location Date acquired Total Checkouts Full call number Barcode Date last seen Copy number Price effective from Koha item type
    Library of Congress Classification   College Library College Library Filipiniana Section 02/01/2013   DS655 .C355 2006 c15680 05/08/2018 1 02/01/2013 Books

As I see it

APA

(2006). As I see it. Sydney: Manila Prints.

Chicago

2006. As I see it. Sydney: Manila Prints.

Harvard

(2006). As I see it. Sydney: Manila Prints.

MLA

As I see it. Sydney: Manila Prints. 2006.

  • Place hold
  • Print
  • Cite
  • Add to your cart (remove)
  • Save record
    BIBTEX Dublin Core MARCXML MARC (non-Unicode/MARC-8) MARC (Unicode/UTF-8) MARC (Unicode/UTF-8, Standard) MODS (XML) RIS
  • More searches
    Search for this title in:
    Other Libraries (WorldCat) Other Databases (Google Scholar) Online Stores (Bookfinder.com) Open Library (openlibrary.org)

Exporting to Dublin Core...

SOUTHVILLE LIBRARY

Southville International School and Colleges Library

1281 Tropical Ave. Cor. Luxembourg St., BF Homes International, Las Pinas City

Tel. No. 8256374 / 252358 Loc. 117/146

Powered by Koha